Faculty of Law Library — Cairo University

Official Online Catalog

La Législation Civile, Commerciale Et Criminelle De La France, Ou Commentaire Et Complément Des Codes Francais. (Record no. 74003)

MARC details
000 -LEADER
fixed length control field 02408nam a2200313 i 4500
003 - CONTROL NUMBER IDENTIFIER
control field EG-GICUC
005 - DATE AND TIME OF LATEST TRANSACTION
control field 20260428210736.0
008 - FIXED-LENGTH DATA ELEMENTS--GENERAL INFORMATION
fixed length control field 260428s1827 fr ||||f |||| 00| 0 fre d
040 ## - CATALOGING SOURCE
Original cataloging agency EG-GiCUC
Language of cataloging fre
Transcribing agency EG-GiCUC
Modifying agency EG-GiCUC
Description conventions Rda
041 ## - LANGUAGE CODE
Language code of text/sound track or separate title fre
082 04 - DEWEY DECIMAL CLASSIFICATION NUMBER
Edition number 21
Classification number 343.044
Item number LO . L
092 04 - LOCALLY ASSIGNED DEWEY CALL NUMBER (OCLC)
Edition number 21
099 ## - LOCAL FREE-TEXT CALL NUMBER (OCLC)
Classification number Law1 10 343.044 LO . L 1827 1011551 V8, C1
100 1# - MAIN ENTRY--PERSONAL NAME
Personal name Locré, M. Le Baron
Relator term Auteur
245 13 - TITLE STATEMENT
Title La Législation Civile, Commerciale Et Criminelle De La France, Ou Commentaire Et Complément Des Codes Francais.
Medium Tome Huitième /
Statement of responsibility, etc. Par M. Le Baron Locré.
264 #1 - PRODUCTION, PUBLICATION, DISTRIBUTION, MANUFACTURE, AND COPYRIGHT NOTICE
Place of production, publication, distribution, manufacture Paris :
Name of producer, publisher, distributor, manufacturer Treuttel Et Würtz, Libraires,
Date of production, publication, distribution, manufacture, or copyright notice 1827.
300 ## - PHYSICAL DESCRIPTION
Extent 423 page ;
Dimensions 24 cm.
Other physical details illustration ;
336 ## - CONTENT TYPE
Source rda contenu
Content type term texte
337 ## - MEDIA TYPE
Source rda medias
Media type term Ordinateur
338 ## - CARRIER TYPE
Source transporteur rda
Carrier type term Ressource en ligne
500 ## - GENERAL NOTE
General note TIRES, SAVOTE:<br/>La Comm MenTaine, de la confifrence arce le texte des Codes, et, entre ntre eux, des verhaus, en partie inedits, du Conseil d'Etat qui costicunent la disentaion Ja Cone Civiz: des Procès-verbaux, entièrement inédits, de la discussion da CODE DE COMMERCE, du CODE DE PROCEDURE, du CoDE D'INSTRUCTION CRIMI NELLE et du CODE PÉNAL: des Observations, également inédites, de la section de legislation du Tribunat aur les projets des trois premiers Codes, et de celles des commissions da Corps Législatif sur les deux derniers; enfin, des Exposέν de motifs, Rapports et Discours faits on prononcés, tant dans l'Assemblée générale da Tribunat, que devant le Corps Législatif<br/>LE COMPLÉMENT, des Lois antérieures auxquelles les Codes se référent; des Lois postérieures qui les étendent, les modifient; des Discussions dont ces lois sont le résultat; des Ordonnances, Décrets, Avis du Conseil, et autres Actes du pouvoir exécutif et réglémentaire destinés à en procurer l'exécution.<br/>Le tout précédé de PROLEGOMENES, où l'on expose, dans une première partie, le mode de porter la loi qui était en usage lors de la confection des Codes, et quels travaux préparatoires il a produits; où, dans une seconde, on trace 'Histoire générale de chaque Code.
504 ## - BIBLIOGRAPHY, ETC. NOTE
Bibliography, etc. note Bibliography: pages 200-250. 240-220
546 ## - LANGUAGE NOTE
Language note Texte en français
650 14 - SUBJECT ADDED ENTRY--TOPICAL TERM
Topical term or geographic name entry element Droit Pénal
Source of heading or term qrmak
651 14 - SUBJECT ADDED ENTRY--GEOGRAPHIC NAME
Geographic name France
General subdivision Droit Pénal
Source of heading or term qrmak
856 40 - ELECTRONIC LOCATION AND ACCESS
Uniform Resource Identifier <a href="https://fll.law.cu.edu.eg/fulltext/bks/B10-11551.pdf">https://fll.law.cu.edu.eg/fulltext/bks/B10-11551.pdf</a>
905 ## - Cataloger and Reviser Names
Cataloger Name: Mohamed Yosri
942 ## - ADDED ENTRY ELEMENTS (KOHA)
Source of classification or shelving scheme Dewey Decimal Classification
Suppress in OPAC No
Koha item type Books
Edition 21
Holdings
Withdrawn status Lost status Source of classification or shelving scheme Damaged status Not for loan Collection Home library Current library Date acquired Total checkouts Full call number Barcode Date last seen Copy number Price effective from Koha item type
    Dewey Decimal Classification   Not for loan القانون الجنائي جــــامعة القــاهرة مكتبة كلية الحقوق - المبنى الرئيسي 29.04.2026   Law1 10 343.044 LO . L 1827 1011551 V8, C1 B10-11551 28.04.2026 1 29.04.2026 Books

© All rights reserved — Faculty of Law, Cairo University